UM Logo

Development of arithmetic fluency : (Record no. 17965)

MARC details
000 -LEADER
fixed length control field 00830nam a22002297a 4500
003 - CONTROL NUMBER IDENTIFIER
control field OSt
005 - DATE AND TIME OF LATEST TRANSACTION
control field 20250201062520.0
008 - FIXED-LENGTH DATA ELEMENTS--GENERAL INFORMATION
fixed length control field 230227b ||||| |||| 00| 0 eng d
040 ## - CATALOGING SOURCE
Transcribing agency 0
082 ## - DEWEY DECIMAL CLASSIFICATION NUMBER
Classification number DPer 370.15 J826 January - February 2020 v112 no. 1-2
100 ## - MAIN ENTRY--PERSONAL NAME
Personal name Rinne, Luke F.
Relator term author.
9 (RLIN) 47895
245 ## - TITLE STATEMENT
Title Development of arithmetic fluency :
Remainder of title a direct effect of reading fluency /
Statement of responsibility, etc. Luke F. Rinne, Ai Ye, and Nancy C. Jordan
260 ## - PUBLICATION, DISTRIBUTION, ETC. (IMPRINT)
Place of publication, distribution, etc. Washington,
Name of publisher, distributor, etc. American Psychological Association,
Date of publication, distribution, etc. January 2020.
300 ## - PHYSICAL DESCRIPTION
Extent volume 112, pages 110-130, illustration.
650 ## - SUBJECT ADDED ENTRY--TOPICAL TERM
Topical term or geographic name as entry element Reading.
9 (RLIN) 47896
650 #0 - SUBJECT ADDED ENTRY--TOPICAL TERM
Topical term or geographic name as entry element Arithmetic.
9 (RLIN) 22690
650 ## - SUBJECT ADDED ENTRY--TOPICAL TERM
Topical term or geographic name as entry element Mathematics.
9 (RLIN) 47897
700 ## - ADDED ENTRY--PERSONAL NAME
Personal name Rinne, Luke F.
Relator term author.
9 (RLIN) 47895
700 ## - ADDED ENTRY--PERSONAL NAME
Personal name Ye, Ai.
Relator term author.
9 (RLIN) 47898
700 ## - ADDED ENTRY--PERSONAL NAME
Personal name Jordan, Nancy C.
Relator term author.
9 (RLIN) 47899
942 ## - ADDED ENTRY ELEMENTS (KOHA)
Source of classification or shelving scheme Dewey Decimal Classification
Koha item type Periodicals
Holdings
Withdrawn status Lost status Source of classification or shelving scheme Damaged status Not for loan Collection code Home library Current library Date acquired Total Checkouts Full call number Date last seen Price effective from Koha item type Public note
    Dewey Decimal Classification     Periodicals UM Digos College - LIC UM Digos College - LIC 02/27/2023   DPer 370.15 J826 January - February 2020 v112 no. 1-2 02/27/2023 02/27/2023 Periodicals Periodical article